| 000 | 03875nam0a2200409 4500 | ||
|---|---|---|---|
| 001 | RU\NLR\BIBL_A\016266070 | ||
| 005 | 20230314135514.0 | ||
| 010 |
_a978-5-6043640-0-0 _9300 |
||
| 021 |
_aRU _bКН-П-22-089536 _9КН-П-22-7960 |
||
| 035 | _a(NLR Aleph) 016266070 | ||
| 035 | _a(RuMoRGB)011482995 | ||
| 090 |
_a12870832 _c12870832 |
||
| 100 | _a20230123d2022 k y0rusy50 ca | ||
| 101 | 0 |
_arus _deng |
|
| 102 | _aRU | ||
| 105 | _ay z 100zy | ||
| 181 | 0 |
_ai _baxxe |
|
| 182 | 0 | _an | |
| 200 | 1 |
_aАктуальные проблемы психологической деятельности и пути их решения _eматериалы III Всероссийской научно-практической конференции (Казань, 6 октября 2022 года) _fМинистерство науки и высшего образования Российской Федерации, Министерство образования и науки Республики Татарстан, Федеральное государственное бюджетное научное учреждение "Институт педагогики, психологии и социальных проблем", Государственное автономное образовательное учреждение дополнительного профессионального образования "Институт развития образования Республики Татарстан" _gпод редакцией д-ра психол. наук С. В. Хусаиновой |
|
| 203 |
_aТекст _bвизуальный _cнепосредственный |
||
| 210 |
_aКазань _cМухамеева М. С. _cИнститут педагогики, психологии и социальных проблем _d2022 |
||
| 215 |
_a131 с. _d20 |
||
| 300 | _aРез. англ. | ||
| 320 | _aБиблиогр. в конце ст. | ||
| 330 | _aСборник научных статей содержит научные доклады всероссийской научно-практической конференции. В представленных статьях ставятся актуальные проблемы психологической деятельности, раскрываются ключевые идеи гуманитарного подхода к психологической службе в образовательных организациях. Сборник адресован широкой психологической и педагогической общественности: психологам, педагогам, работникам образования, исследователям психологам | ||
| 606 | 1 |
_aОбразовательные учреждения _jСъезды, совещания и т.п _xПсихологическая служба _92372379 _3RU\NLR\AUTH\661415978 |
|
| 686 | 1 | _aЮ984.92я431 | |
| 686 | 1 | _aЮ984.03я431 | |
| 686 | 1 | _aЮ940я431 | |
| 702 | 1 |
_4340 _aХусаинова _bС. В. _cд-р психол. наук, педагогика _gСветлана Владимировна _9225015 _3RU\NLR\AUTH\770225071 |
|
| 711 | 1 | 2 |
_a"Актуальные проблемы психологической деятельности и пути их решения", всероссийская научно-практическая конференция _d3 _eКазань _f2022 _9831852 _3RU\NLR\AUTH\880583003 |
| 712 | 0 | 1 |
_4570 _aРоссийская Федерация _bМинистерство науки и высшего образования _9621458 _3RU\NLR\AUTH\880480400 |
| 942 | _cBOOK | ||
| 980 | _aNB | ||